00733 2200253 4500001002100000005001700021008004100038035002400079082001200103090001700115245010100132250001100233260004100244300001900285500002500304650001700329700002800346700002600374700002900400850001600429980001300445985000600458999001500464YOGYA-0209000001002720090227022007.0 ind  0010-020900000010027 a297.217 a297.217bAlI aAl-ImancAbdul Majid Az-Zandany dkk ; penerjemah, Yudian Wahyudi Asminn, Zaenal Muhtadin Mursyid aCet. 1 aYogyakartabPustaka Al-Kautsarc1990 a204 hlmc18 cm aJudul asli : Al-Iman aIman (Islam) aAz-Zandany, Abdul Majid aAsmin, Yudian Wahyudi aMursyid, zaenal Muhtadin aYOPDYOG (B) a02-07-05 a1 aP000033518